| 000 | 01267nas a2200217 i 4500 | ||
|---|---|---|---|
| 001 | 768714001 | ||
| 003 | CO-MdFUSB | ||
| 005 | 20240826073031.0 | ||
| 008 | 220907s1988 ck ||||| |||| 00| 0 spa d | ||
| 040 |
_bspa _cCO-MdFUSB _dCO-MdFUSB |
||
| 041 | _aspa | ||
| 100 |
_aGalvis, Martha, _eautor |
||
| 245 | 1 | 4 |
_aLos Guajiros : _buna comunidad que pierde su identidad? _c/ Marha Galvis , Lina Mora |
| 300 |
_aVolumen 65, (enero, 1988) páginas: 9 - 68 _c; 23 cm |
||
| 520 | _aEl siguiente artículo estudia aspectos de la comunidad Guajira. Se analiza de esta comunidad, sus prácticas culturales, los valores que orientan su acción y las particulares condiciones de su estilo de vida. Los temas son: Capítulo I Marco geográfico -- Capitulo II Historia -- Capitulo III Economía -- Capitulo IV Organización social -- Capítulo V Creencias y practicas mágico religiosas -- Capítulo VI Leyes guajiras -- capitulo VII Cocina, vestido e instrumental guajiro -- Capitulo VIII Mitología. | ||
| 650 | 7 |
_96714 _aAntropología cultural y social |
|
| 700 |
_aMora, Lina, _eautor |
||
| 773 | 0 |
_049438 _960122 _dCentro Antropológico Colombiano _oR0368 _tEthnia _w(CO-MdFUSB)768714001 _gVolumen 65, (enero, 1988) páginas: 9 - 68 _qpágina: 9 |
|
| 942 | _cANA | ||
| 945 | _aAF | ||
| 999 |
_c68120 _d68120 |
||